|
|
|
|
| LEADER |
00000nab a2200000 ar4500 |
| 001 |
vtls008948810 |
| 003 |
SK-MaSNL |
| 005 |
20260304145532.0 |
| 008 |
250505c2006 xo |||||||||||000 b|slo |
| 015 |
|
|
|a SNBRB2007/02
|2 snkbucl
|
| 035 |
|
|
|a (uuid)8de122fd-c456-4cb4-b1c7-29e40883ef8d
|
| 035 |
|
|
|a urn:nbn:sk:snk-ab24j6
|
| 035 |
|
|
|a (urnnbn)urn:nbn:sk:snk:ar-a01lhs
|
| 038 |
|
|
|a SNKBUCL
|
| 040 |
|
|
|a SNKBUCL
|b slo
|c SNKBUCL
|e AACR2
|
| 041 |
0 |
|
|a slo
|
| 044 |
|
|
|a xo
|c SK
|
| 080 |
|
|
|a 623.455
|2 1997
|
| 100 |
1 |
|
|a Mesároš, Ľubomír
|4 aut
|9 467878
|
| 245 |
1 |
0 |
|a Opäť vhodné a cenovo dostupné náboje 7,62 x 39
|c pripravil: Ľubomír Mesároš
|
| 300 |
|
|
|b Fotogr., tab.
|
| 650 |
0 |
7 |
|a náboje
|2 snkbucl
|9 21481
|
| 650 |
0 |
7 |
|a náboj 7,62 x 39 Kopp
|2 snkbucl
|9 1468507
|
| 773 |
0 |
|
|t Zbrane, strelci a lovci
|g Roč. VII, č. 5 (2006), s. 84-85 a 90
|x 1335-5740
|
| 850 |
|
|
|a Slovenská národná knižnica
|
| 852 |
|
|
|a Slovenská národná knižnica
|
| 954 |
|
|
|a odborná, vedecká literatúra pôvodná (slovenská)
|2 lita
|
| 958 |
|
|
|a article27
|
| 958 |
|
|
|a OND
|
| 958 |
|
|
|a EUIPO
|
| 999 |
|
|
|c 2935939
|d 2937869
|